000 00549nam a2200157 i 4500
001 145837
003 ES-MaACL
007 t|
008 071017s1958 sp ||||1| spa d
100 1 _aVergés Cadenet, Roberto.
_9114113
245 1 0 _aRecursos contra las corporaciones locales
_b: procedimientos gubernativos... /
_cRoberto Vergés Cadenet ; con la colaboración de Juan Jené Cusi.
260 _aBarcelona :
_bJ. Mª Bosch,
_c1958.
300 _a164 p. ;
_c21 cm.
700 1 _aJené Cusi, Juan.
_966288
852 _aES-MaACL
_jC-8187
_bR.42755
999 _c145837
_d145837